000 00480nam a2200181Ia 4500
008 090123s9999 xx 000 0 und d
082 _b38190
100 _aदिवाण वृंदा
245 _aउ:शाप
250 _a1
260 _bपायल प्रकाशन
_c2005
300 _a192
600 _aदिवाण वृंदा
630 _aउ:शाप
700 _aदिवाण वृंदा
730 _aउ:शाप
942 _cBOOK
999 _c76257
_d76257